000 01488nam a2200313 i 4500
001 768714001
003 CO-MdFUSB
005 20211027152139.0
007 ta
008 200717t2009 ck abdo| |||| 00| 0 spa d
020 _a9789589916902
040 _aCO-MdFUSB
_bspa
_cCO-MdFUSB
_dCO-MdFUSBC
_erda
041 _aspa
082 _223
_a986.1
_bC545
110 _aBanco de Occidente
245 3 _aEl Choco biogeográfico de Colombia
_c/ Banco de Occidente
264 1 _aCali, Colombia :
_bBanco de Occidente,
_c[Fecha de publicación no identificada]
300 _c191 páginas ;
_a34 cm
336 _2rdacontent
_atexto
_btxt
337 _2rdamedia
_asin mediación
_bn
338 _2rdacarrier
_avolumen
_bnc
505 _aPresentación -- Introducción -- Un lugar único en el planeta -- Universo entre el mar y la cordillera -- Escenarios de vida -- Expresiones de la biodiversidad -- Diversidad étnica y cultural -- Entre la conservación y el desarrollo -- Anexos
520 _aCarátula. Caño de ingreso a La Sierpe. Bahía Málaga --- Cumbres de la cordillera Occidental -- Bosque de niebla de la vertiente del Pacífico de la cordillera Occidental -- El río Anchicayá en la planicie costera del Pacífico; al fondo los farallones de Calí en la cordillera Occidental -- Ensenada de Utria en el litoral de Pacífico.
563 _aTapa dura
651 0 _aColombia
_zChocó.
_xBiografía.
651 0 _aColombia
_yChocó.
_xGeografía
942 _cBK
945 _aDani
999 _c66525
_d66525